Kalki 2898 AD/ directed byNag Ashwin,written by Sai Madhav Burra, Nag Ashwin, Dialogues by, yes, B. S. Sarwagna Kumar, Rutham Samar,produced by C. Aswini Dutt (Record no. 20934)

000 -LEADER
fixed length control field 01049nam a22002537a 4500
008 - FIXED-LENGTH DATA ELEMENTS--GENERAL INFORMATION
fixed length control field 250528b xxu||||| |||| 00| 0 eng d
040 ## - CATALOGING SOURCE
Original cataloging agency Cagayan State University-Carig Campus
Description conventions RDA
082 ## - DEWEY DECIMAL CLASSIFICATION NUMBER
Classification number 791.4372
Item number K125
245 ## - TITLE STATEMENT
Title Kalki 2898 AD/ directed byNag Ashwin,written by Sai Madhav Burra, Nag Ashwin, Dialogues by, yes, B. S. Sarwagna Kumar, Rutham Samar,produced by C. Aswini Dutt
260 ## - PUBLICATION, DISTRIBUTION, ETC. (IMPRINT)
Place of publication, distribution, etc India
Name of publisher, distributor, etc Netflix
Date of publication, distribution, etc 2024
300 ## - PHYSICAL DESCRIPTION
Extent 1 videofile, 181 minutes:
Other physical details sound, color.
520 ## - SUMMARY, ETC.
Summary, etc A modern avatar of the Hindu god Vishnu, is said to have descended on Earth to protect the world from evil forces.
521 ## - TARGET AUDIENCE NOTE
Target audience note PG
546 ## - LANGUAGE NOTE
Language note Telugu with optional subtitles in Hindi,Tamil, Malayalam,Kannada,and English
650 ## - SUBJECT ADDED ENTRY--TOPICAL TERM
Topical term or geographic name as entry element Action
700 ## - ADDED ENTRY--PERSONAL NAME
Personal name Bachchan,Amitabh,star.
700 ## - ADDED ENTRY--PERSONAL NAME
Personal name Kotagiri Venkateswara Rao, editor.
700 ## - ADDED ENTRY--PERSONAL NAME
Personal name Haasan,Kamal ,star.
700 ## - ADDED ENTRY--PERSONAL NAME
Personal name Prabhas,star.
700 ## - ADDED ENTRY--PERSONAL NAME
Personal name Padukone,Deepika, star.
700 ## - ADDED ENTRY--PERSONAL NAME
Personal name Disha, Patani, star.
700 ## - ADDED ENTRY--PERSONAL NAME
Personal name Stojiljkovic,Djordje. cinematography.
942 ## - ADDED ENTRY ELEMENTS (KOHA)
Source of classification or shelving scheme
Item type Audio-Visual Materials
Holdings
Source of acquisition Price effective from Permanent location Date last seen Not for loan Date acquired Source of classification or shelving scheme Koha item type Collection code Shelving location Damaged status Lost status Withdrawn status Current location Full call number
Donations2025-05-28Cagayan State University - Carig Library2025-05-28 2025-05-28 Audio-Visual MaterialsElectronic Media CenterElectronic Media Center   Cagayan State University - Carig Library791.4372 K125

Cagayan State University University Library, Carig Campus
Tuguegarao City, Cagayan 3500 | www.csucarig.edu.ph

Powered by Koha